Escoles d'altres mons /
Descripción Física:
10 pàgines : il·lustracions ; 21 cm
Idioma:
Catalán
MARC
| LEADER | 00000nam a2200000Ia 4500 | ||
|---|---|---|---|
| 001 | 25490 | ||
| 008 | 220513b spa||||| |||| 00| 0 cat d | ||
| 017 | |a DL B 27987-2015 | ||
| 080 | |a FU-69-3 | ||
| 100 | |a Manresa, Kim |9 48843 | ||
| 245 | |a Escoles d'altres mons / |c fotografies de Kim Manresa | ||
| 260 | |a Barcelona : |b Diputació de Barcelona. Gerència de Serveis d'Educació, |c 2015 | ||
| 300 | |a 10 pàgines : |b il·lustracions ; |c 21 cm | ||
| 650 | 0 | |a Escoles primàries |9 52921 | |
| 650 | 0 | |a Escoles primàries |v Exposicions | |
| 710 | |a Barcelona (Catalunya : Província). |b Gerència de Serveis d'Educació |9 52167 | ||
| 901 | |a Arxiu | ||
| 942 | |n 1 |2 udc |c ARXIU | ||
| 952 | |0 0 |1 0 |4 0 |6 FU693 |7 1 |9 61673 |a Arxiu |b Arxiu |d 2022-05-13 |l 0 |o FU-69-3 |p 25490 |r 2022-05-13 00:00:00 |w 2022-05-13 |y ARXIU | ||
| 999 | |c 81566 |d 81566 | ||